[Event "World ol U16"]
[Site "Eindhoven"]
[Date "2023.08.17"]
[Round "8.27"]
[White "Yamada, Misaki"]
[Black "Wang, Yushin Andrea"]
[Result "1/2-1/2"]
[WhiteElo "1462"]
[BlackElo "1186"]
[PlyCount "42"]
[EventDate "2023.08.13"]
[EventType "team-swiss"]
[EventRounds "9"]
[EventCountry "NED"]
[SourceTitle "CBM 215 Extra"]
[Source "ChessBase"]
[SourceDate "2023.09.30"]
[SourceVersion "1"]
[SourceVersionDate "2023.09.30"]
[SourceQuality "1"]
[WhiteTeam "Japan"]
[BlackTeam "Chinese Taipei II"]
[WhiteTeamCountry "JPN"]
[BlackTeamCountry "TPE"]

1. d4 d5 2. c4 c6 3. Nc3 Nf6 4. e3 e6 5. Nf3 Nbd7 6. Qc2 Bd6 7. b3 0-0 8. Bd3 dxc4 9. bxc4 e5 10. dxe5 Nxe5 11. Nxe5 Bxe5 12. Bb2 Re8 13. Rd1 Qa5 14. h3 Be6 15. 0-0 Bc7 16. Ne2 Be5 17. Nc3 g5 18. Rb1 h5 19. Ne4 Nxe4 20. Bxe4 Bxb2 21. Rxb2 f5 1/2-1/2

[Event "World ol U16"]
[Site "Eindhoven"]
[Date "2023.08.13"]
[Round "1.15"]
[White "Hayrapetyan, Nvard"]
[Black "Yamada, Misaki"]
[Result "1-0"]
[WhiteElo "1560"]
[BlackElo "1462"]
[PlyCount "64"]
[EventDate "2023.08.13"]
[EventType "team-swiss"]
[EventRounds "9"]
[EventCountry "NED"]
[SourceTitle "CBM 215 Extra"]
[Source "ChessBase"]
[SourceDate "2023.09.30"]
[SourceVersion "1"]
[SourceVersionDate "2023.09.30"]
[SourceQuality "1"]
[WhiteTeam "Armenia"]
[BlackTeam "Japan"]
[WhiteTeamCountry "ARM"]
[BlackTeamCountry "JPN"]

1. d4 d5 2. c4 e6 3. Nc3 Be7 4. Nf3 Nf6 5. Bg5 h6 6. Bh4 0-0 7. e3 b6 8. cxd5 exd5 9. Qc2 Bb7 10. Bd3 Nbd7 11. 0-0 c5 12. Rac1 Rc8 13. Bf5 Rc6 14. Rfd1 cxd4 15. exd4 Re8 16. Qb3 Rc8 17. Ne5 Nxe5 18. dxe5 Nd7 19. Bg3 Nc5 20. Qc2 Ra8 21. b4 Nd7 22. Nxd5 Bxd5 23. Rxd5 Rc8 24. Qxc8 Qxc8 25. Rxc8 Rxc8 26. Rd1 Rc2 27. Bxc2 Bxb4 28. Rxd7 a5 29. Bb3 Kh8 30. Bc2 Kg8 31. e6 fxe6 32. Bg6 Kf8 1-0